| 000 | 00697cam a22002173a 4500 | ||
|---|---|---|---|
| 001 | 46022 | ||
| 003 | PGUSA | ||
| 005 | 20140828084057.0 | ||
| 008 | 140618s2014||||xxu|||||s|||||000 | eng d | ||
| 040 |
_aPGUSA _beng |
||
| 042 | _adc | ||
| 050 | 4 | _aTX | |
| 100 | 1 |
_aAppert, Nicolas, _d1749-1841 |
|
| 245 | 1 | 0 |
_aLe Livre de tous les Ménages : _bou l'art de conserver pendant plusieurs années toutes les substances animales et végétales _h[electronic resource] / _cNicolas Appert |
| 260 |
_bProject Gutenberg, _c2014 |
||
| 506 | _aPublic domain in the USA. | ||
| 516 | _aElectronic text | ||
| 830 | 0 |
_aProject Gutenberg _v46022 |
|
| 856 | 4 | 0 | _uhttp://www.gutenberg.org/ebooks/46022 |
| 942 | _cEB | ||
| 999 |
_c275271 _d275271 |
||